00480 a2200145 450000500170000002000180001708200210003510000180005624500430007425000120011726000520012930000510018170000180023285600840025020250606102217.0 a0-7674-1064-5 aLECT 300.151 THO aTHORNE, B. M. aStatistics for the behavioral sciences a3rd Ed. aCalifonia,bMayfield Publishing Company,c2000. axx, 439p,: ill.; figure, table.bIndex.c24cm. aGIESEN, J. M. yAccess online bookfStatistics for the behavioral sciencesdwww.mayfieldpub.com